Most Populous German Cities by State Quiz Stats

 Plays Quiz Updated Aug 23, 2012

Score 0/130 Timer 19:00
8 Plays Today
% Correct
München
88.3%
Frankfurt am Main
74.1%
Frankfurt (Oder)
74.1%
Köln
70.6%
Stuttgart
64.4%
Düsseldorf
62.3%
Dresden
61%
Essen
56.2%
Dortmund
56%
Leipzig
54.8%
Bonn
54.7%
Nürnberg
54.5%
Hannover
54.4%
Kiel
47%
Potsdam
44.1%
Mainz
43.9%
Mannheim
43.5%
Saarbrücken
41.5%
Freiburg
40.6%
Augsburg
40.5%
Rostock
40%
Heidelberg
37.6%
Duisburg
37.5%
Ulm
37.2%
Karlsruhe
36.7%
Magdeburg
36.2%
Lübeck
35.8%
Erfurt
35.7%
Wiesbaden
35.6%
Wolfsburg
34.1%
Bochum
33%
Münster
32.8%
Jena
32.7%
Chemnitz
32.5%
Bielefeld
32.5%
Regensburg
32.1%
Kassel
31.7%
Halle (Saale)
31.2%
Wuppertal
31%
Koblenz
29.7%
Trier
29.6%
Brandenburg
29.4%
Würzburg
29.2%
Darmstadt
28.6%
% Correct
Schwerin
27.9%
Ingolstadt
27.9%
Braunschweig
27.9%
Cottbus
27.6%
Kaiserslautern
27.6%
Osnabrück
27.1%
Flensburg
26.3%
Oldenburg
25.1%
Weimar
24.1%
Göttingen
24%
Gera
23.1%
Fürth
23%
Ludwigshafen
22.3%
Worms
22%
Bamberg
21.4%
Zwickau
21.1%
Bayreuth
20.6%
Offenbach
20.2%
Heilbronn
19.2%
Erlangen
18.9%
Pforzheim
18.3%
Fulda
17.9%
Saarlouis
17.6%
Neubrandenburg
16.8%
Reutlingen
16.2%
Marburg
15.9%
Hildesheim
15.5%
Gießen
15.4%
Wilhelmshaven
15.4%
Dessau-Roßlau
15.3%
Görlitz
15%
Stralsund
14.9%
Salzgitter
14.6%
Wittenberg
14.4%
Hanau
14.1%
Greifswald
14%
Homburg
13.8%
Esslingen
13.7%
Wismar
13.6%
Gotha
13.3%
Freiberg
12.7%
Eisenach
12.6%
Neumünster
12.6%
Neustadt a.d. Weinstraße
12.1%
% Correct
Speyer
12.1%
Neunkirchen
12%
Plauen
11.6%
Bautzen
10.8%
Oranienburg
10.8%
Suhl
9.4%
Bitterfeld-Wolfen
9.1%
Pirna
9.1%
Rüsselsheim
8.9%
Stendal
8.7%
Itzehoe
8.6%
Nordhausen
8.5%
Völklingen
8.3%
Norderstedt
8.1%
Delmenhorst
8%
Eberswalde
8%
Neustrelitz
7.9%
Altenburg
7.9%
Sankt Ingbert
7.8%
St. Wendel
7.7%
Pinneberg
7.4%
Halberstadt
7.4%
Neuwied
7.2%
Waren (Müritz)
7.2%
Schwedt
7.2%
Merzig
7.1%
Güstrow
7.1%
Freital
7%
Königs Wusterhausen
7%
Bernau
6.8%
Frankenthal
6.8%
Parchim
6.8%
Mühlhausen
6.7%
Falkensee
6.6%
Elmshorn
6.6%
Dillingen
6.3%
Wernigerode
6.2%
Merseburg
6.2%
Ahrensburg
6.1%
Wedel
5.8%
Blieskastel
4.5%
Schönebeck
4.5%

You're not logged in!

Compare scores with friends on all Sporcle quizzes.
OR
Log In

Show Comments

Extras

Top Quizzes Today


Score Distribution

Your Account Isn't Verified!

In order to create a playlist on Sporcle, you need to verify the email address you used during registration. Go to your Sporcle Settings to finish the process.

Report this User

Report this user for behavior that violates our Community Guidelines.

Details: